000 01003nam a22002057a 4500
008 160813s2015 gw||||| |||| 00| 0 eng d
082 0 4 _a709.84
_bC199m
100 _aCampuzano de Haverkamp, Paola.
_95423
245 1 0 _aMade in Bolivia :
_bcontemporary art & design vol. II /
_cPaola Campuzano de Haverkamp.
250 _a1a ed.
260 _aBolivia :
_bPaola Campuzano de Haverkamp,
_c2015.
300 _a254 p.
_bil. col.
500 _aArtistas: Alejandra Alarcon, Frank Arbelo, Oscar Barbery Ver, Andres Bedoya, Luciano Calderón, Galo Coca Soto, Alejandra Dorado, Chantal Fischzang, Julio Gonzalez, Douglas Rodrigo Rada, Susana Machicao, Pablo Miño, Alfredo Román, Eduardo Ribera, Marcela Rivera, Raquel Schwartz, Angie Torrico, Daniel Uria, Roberto Unterladstaetter, Roberto Valcarcel y Sergio Vega.
653 1 0 _aArte contemporáneo
653 1 0 _aDiseño gráfico
653 1 0 _aComunicación visual
653 1 0 _aArte - Bolivia
653 1 0 _aIdentidad cultural
653 1 0 _aCultura urbana
999 _c1012
_d1012